Catálogo

LA ESTRATEGIA Y LA ORGANIZACION (Registro nro. 20802)

Detalles MARC
000 -LEADER
fixed length control field 00525nam a2200193 a 4500
001 - CONTROL NUMBER
control field 20802
005 - DATE AND TIME OF LATEST TRANSACTION
control field 20180713214439.0
008 - FIXED-LENGTH DATA ELEMENTS--GENERAL INFORMATION
fixed length control field 140415s1980 000 0 spa d
020 ## - INTERNATIONAL STANDARD BOOK NUMBER
International Standard Book Number 9681305116
041 ## - LANGUAGE CODE
Language code of text/sound track or separate title spa
082 ## - DEWEY DECIMAL CLASSIFICATION NUMBER
Classification number 658.1
Item number UYT
100 1# - MAIN ENTRY--PERSONAL NAME
Personal name UYTERHOEVEN, HUGO E. R.
245 13 - TITLE STATEMENT
Title LA ESTRATEGIA Y LA ORGANIZACION
260 ## - PUBLICATION, DISTRIBUTION, ETC.
Place of publication, distribution, etc. [s.l.] :
Name of publisher, distributor, etc. DIANA,
Date of publication, distribution, etc. 1980
300 ## - PHYSICAL DESCRIPTION
Extent 1031
650 14 - SUBJECT ADDED ENTRY--TOPICAL TERM
Topical term or geographic name entry element ADMINISTRACION
General subdivision ORGANIZACION
700 1# - ADDED ENTRY--PERSONAL NAME
Personal name VELASCO, ENRIQUE
Relator term tr.
700 1# - ADDED ENTRY--PERSONAL NAME
Personal name ACKERMAN, ROBERT W.
Relator term coaut.
Existencias
Withdrawn status Lost status Source of classification or shelving scheme Damaged status Not for loan Collection code Home library Current library Shelving location Date acquired Source of acquisition Inventory number Total Checkouts Full call number Barcode Date last seen Price effective from Koha item type
    Dewey Decimal Classification     General Biblioteca Karol Wojtyla Biblioteca Karol Wojtyla Sala general 03/12/2013 Compra 151000000000000000020125   658.1 UYT 40793 05/01/2026 03/12/2013 Libro